000 00795cab a2200241 4500
001 WB2912-74
008 090401t1993 xxu||||| |||| 00| 0 eng d
035 _a(Sirsi) u31255
041 _aeng
245 _aScheme to ease M25 congestion
260 _c1993
350 _a0
490 _aFinancial Times
_v24 March 1993, 10
490 _aTimes
_v24 March 1993, 2(1)
520 _aThe Government has announced that sensors and special road signs are to be fitted to the stretch of the M25 between junctions 11 and 15 in a bid to alleviate congestion through speed limits. The scheme is due to start in 1995.
650 _aCONGESTION
650 _aM25
650 _aMOTORWAYS
650 _aSPEED LIMITS
690 _aTRANSPORT AND COMMUNICATIONS
942 _n0
948 _c04/03/1997
999 _c20995
_d20995